| 000 | 01582cam a2200361 a 4500 | ||
|---|---|---|---|
| 001 | 14791199 | ||
| 005 | 20070815160935.0 | ||
| 008 | 070330s2007 flua b 001 0 eng | ||
| 010 | _a 2007013616 | ||
| 015 |
_aGBA748814 _2bnb |
||
| 016 | 7 |
_a013691720 _2Uk |
|
| 020 | _a0824753895 (alk. paper) | ||
| 020 | _a9780824753894 (alk. paper) | ||
| 035 | _a(OCoLC)ocn122338139 | ||
| 035 | _a(OCoLC)122338139 | ||
| 040 |
_aDLC _cDLC _dBAKER _dBTCTA _dC#P _dYDXCP _dUKM _dDLC |
||
| 050 | 0 | 0 |
_aTA418.9.C6 _bG53 2007 |
| 082 | 0 | 0 |
_a620.11892 _222 _bGIB |
| 100 | 1 | _aGibson, Ronald F. | |
| 245 | 1 | 0 |
_aPrinciples of composite material mechanics / _cRonald F. Gibson. |
| 250 | _a2nd ed. | ||
| 260 |
_aBoca Raton : _bCRC Press, _cc2007. |
||
| 300 |
_axxvii, 579 p. : _bill. ; _c24 cm. |
||
| 490 | 1 |
_aMechanical engineering ; _v205 |
|
| 504 | _aIncludes bibliographical references and index. | ||
| 650 | 0 |
_aComposite materials _xMechanical properties. |
|
| 830 | 0 |
_aMechanical engineering series (Boca Raton, Fla.) ; _v205. |
|
| 856 | 4 | 1 |
_3Table of contents only _uhttp://www.loc.gov/catdir/toc/ecip0714/2007013616.html |
| 856 | 4 | 2 |
_3Publisher description _uhttp://www.loc.gov/catdir/enhancements/fy0710/2007013616-d.html |
| 942 |
_2ddc _cBB |
||
| 999 |
_c11029 _d11029 |
||